Việt Nam sử lược Q.1 /

Cuốn sách Việt Nam sử lược là một bộ sách tham khảo cần thiết cho các nhà chuyên môn đồng thời giúp cho bạn đọc nắm được những nét chính yếu của lịch sử dân tộc.

محفوظ في:
التفاصيل البيبلوغرافية
المؤلف الرئيسي: Trần Trọng Kim.
التنسيق: كتاب
اللغة:Vietnamese
منشور في: Tp.HCM : Nxb Tp.HCM, 2000.
الموضوعات:
الوسوم: إضافة وسم
لا توجد وسوم, كن أول من يضع وسما على هذه التسجيلة!
Thư viện lưu trữ: Mạng thư viện Đại học Đà Nẵng
LEADER 01111cam a2200361 i 4500
001 000042972
003 847
005 20030917150217.0
008 010305b2000 vm 000 vie
020 |c 23000 
040 |a IRC  |c IRC  |d IRC 
041 0 |a vie 
082 1 4 |a 959.7  |b TR-K 
100 1 |a Trần Trọng Kim. 
245 0 0 |a Việt Nam sử lược  |n Q.1 /  |c Trần Trọng Kim. 
260 |a Tp.HCM :  |b Nxb Tp.HCM,  |c 2000. 
300 |a 251tr. ;  |c 20,5cm. 
520 3 |a Cuốn sách Việt Nam sử lược là một bộ sách tham khảo cần thiết cho các nhà chuyên môn đồng thời giúp cho bạn đọc nắm được những nét chính yếu của lịch sử dân tộc. 
630 0 4 |a Lịch sử. 
630 0 4 |a Việt Nam. 
630 0 4 |a Lịch sử Việt Nam. 
650 0 4 |a Việt Nam  |b Lịch sử. 
651 4 |a Việt Nam  |x Lịch sử. 
OWN |a DUT 
999 |a From the UDN01 
TYP |a Monograph 
TYP |a Printed language 
980 |a Mạng thư viện Đại học Đà Nẵng